00846 a2200193 4500003000500000005001700005028000800022040000900030082000800039100002400047245009600071260003200167300001000199505027900209538003400488942001200522999001900534952009900553Nust20170207154215.0 a940 cNust a940 aCapt.D.H.Cole,M.B.E aChanging Conditions of Imperial Defence bEssays on Military GeographycCapt.D.H.Cole,M.B.E alondonbSifton Praed c1930 a183p; aMan Power (Page-1) Material Resources of The Empire (page-23) The United States and Sea Power (Page-46) France and Italy and Sea Power In the Mediterranean (Page-78) Great Britain and the Indian Ocean (page-97) Japan and the Pacific (Page-132) The Changing Scene (page-159)  aAlmirah No.134 and Shelv No.4 2ddccBK c195053d195053 00102ddc40708NFICaMCSbMCSd2016-12-12l0o940 GEOpMCS29342r2016-12-08w2016-12-12yBK